000 00646cam a22002053a 4500
001 45534
003 PGUSA
005 20140828084043.0
008 140429s2014||||xxu|||||s|||||000 | eng d
040 _aPGUSA
_beng
042 _adc
100 1 _aGerstäcker, Friedrich,
_d1816-1872
245 1 0 _aUnter Palmen und Buchen. Zweiter Band. :
_bUnter Palmen. Gesammelte Erzählungen.
_h[electronic resource] /
_cFriedrich Gerstäcker
260 _bProject Gutenberg,
_c2014
506 _aPublic domain in the USA.
516 _aElectronic text
830 0 _aProject Gutenberg
_v45534
856 4 0 _uhttp://www.gutenberg.org/ebooks/45534
942 _cEB
999 _c274785
_d274785